000 00686nam a22002177a 4500
999 _c9529
_d9529
003 AR-CdUCM
008 190328b ||||| |||| 00| 0 spa d
040 _aMUNICIPALIDAD PROVINCIAL DEL CUSCO
_cBIBLIOTECA MUNICIPAL DEL CUSCO
082 _a868.73 /
_bSE42M / 1944
100 _aSeri, José Eduardo
_925795
245 _aMundo sin ti y sin pájaros /
260 _aArgentina :
_bFederación ,
_c1944
300 _a139 páginas ;
_c21 cm.
500 _aCon dedicatoria a Luis Nieto -- Donación de la familia Nieto
505 _aContenido : Poesía
650 _aPoesía
_9444
650 _aLiteratura
_9416
650 _aArgentina
_9511
942 _2ddc
_cLIBROS
945 _admma